| 000 | 00600nam a2200193 ar4500 | ||
|---|---|---|---|
| 001 | 000009299 | ||
| 005 | 20240412074210.0 | ||
| 008 | 090929t2006 xxu r 000 p spa d | ||
| 040 |
_aDO-SdBNP _bspa _cBNPHU |
||
| 082 |
_aRD861.44 _bM671h, 2006 |
||
| 100 | 1 |
_aMir, Pedro, _d1913-2000 _97245 |
|
| 245 | 1 | 0 |
_aHay un país en el mundo y otros poemas / _cPedro Mir. |
| 260 |
_aNueva York : _bCalíope, _c2006. |
||
| 300 |
_a195 p. ; _c22 cm. |
||
| 590 | _aInventariado, 2018/BT | ||
| 650 | 0 |
_aPoesía dominicana _966 |
|
| 650 | 0 |
_aLiteratura dominicana. _967 |
|
| 910 | _aValidado. Control de la calidad. EMS | ||
| 999 |
_c9060 _d9060 |
||